Tri-State Airport Destinations (Huntington, WV, USA) - Statistics

General Stats
  • This quiz has been taken 31 times
    19 since last reset
  • The average score is 5 of 7
Answer Stats
Airlines Destination % Correct
American Eagle Charlotte
93%
Allegiant Air Fort Lauderdale
86%
Allegiant Air Orlando/Sanford
86%
Allegiant Air Destin/Fort Walton Beach
79%
Allegiant Air St. Petersburg/Clearwater
79%
Allegiant Air Punta Gorda (FL)
50%
Allegiant Air Myrtle Beach
43%
No matching quizzes found
Score Distribution
Percent of People with Each Score
Percentile by Number Answered
Your Score History
You have not taken this quiz since the last reset